Visualizzazione normale
Vista MARC
- Alonso García, Ricardo
di Personal Name
Records bibliografici associati: 1
001 - CONTROL NUMBER
- control field: 62405
003 - CONTROL NUMBER IDENTIFIER
- control field: IT-RoINE
005 - DATE AND TIME OF LATEST TRANSACTION
- control field: 20190912113429.0
008 - FIXED-LENGTH DATA ELEMENTS
- fixed length control field: 190912|| aca||aabn | a|a d
040 ## - CATALOGING SOURCE
- Original cataloging agency: IT-RoINE
- Transcribing agency: IT-RoINE
100 ## - HEADING--PERSONAL NAME
- Personal name: Alonso García, Ricardo
670 ## - SOURCE DATA FOUND
- Source citation: Work cat.: (IT-RoINE)0: Tratado de Niza (2001) 62403, Tratado de Niza y versiones consolidadas de los Tratados de la Unión Europea y de la Comunidad Europea /, 2001.